|
|
|
|
| LEADER |
00658nab a2200193 i 4500 |
| 001 |
tisza14252 |
| 005 |
20200330145327.0 |
| 008 |
170725s1990 hu o 0|| hun d |
| 022 |
|
|
|a 0133-1167
|
| 040 |
|
|
|a SZTE Tiszatáj Archívum
|b hun
|
| 041 |
|
|
|a hun
|
| 100 |
1 |
|
|a Domokos Mátyás
|
| 245 |
1 |
0 |
|a [Vallomások az Új Látóhatárról]
|h [elektronikus dokumentum] :
|b „Pedig érdekelt volna..." /
|c Domokos Mátyás
|
| 260 |
|
|
|c 1990
|
| 300 |
|
|
|a 79-81
|
| 490 |
0 |
|
|a Tiszatáj
|v 44 No. 1
|
| 695 |
|
|
|a Új Látóhatár - folyóirat
|
| 700 |
0 |
1 |
|a Szakolczay Lajos
|
| 856 |
4 |
0 |
|u http://tiszataj.bibl.u-szeged.hu/14252/1/tiszataj_1990_001_079-081.pdf
|z Dokumentum-elérés
|